| 000 | 00800nam a2200193Ia 4500 | ||
|---|---|---|---|
| 003 | GCL | ||
| 005 | 20240530110922.0 | ||
| 008 | 140319s9999 xx 000 0 ara d | ||
| 040 |
_aGCL / _cGCL |
||
| 082 | 0 | 4 |
_a243 _bأ أ |
| 100 | 1 | _aابن حجر العسقلانى : بدر الدين ابو المعالى محمد بن احمد بن على | |
| 245 | 1 | 2 |
_aالاستعداد ليوم المعاد / _cابن حجر العسقلانى : بدر الدين ابو المعالى محمد بن احمد بن على ؛ ضبطه عمر الديراوى ابوحجلة |
| 250 | _aط.6 | ||
| 260 |
_aبيروت : _bمؤسسة المعارف، _c1985 |
||
| 300 |
_a4118 ص. ؛ _c20 سم |
||
| 650 | 0 | 4 | _aالاحكام الشرعية |
| 650 | 0 | 4 | _aالشريعة الاسلامية |
| 942 |
_2ddc _cBK |
||
| 999 |
_c66508 _d66508 |
||